| 000 | 00540nam a2200181Ia 4500 | ||
|---|---|---|---|
| 005 | 20250326144327.0 | ||
| 008 | 250326s9999 xx 000 0 und d | ||
| 037 | _aTextbook | ||
| 040 |
_aFMSL _beng _cFMSL |
||
| 041 |
_aeng _2eng |
||
| 084 |
_aX:72 P8 _qFMSL |
||
| 100 |
_aTaylor L _9741026 |
||
| 245 | 0 |
_aReconstruting macroeconomics : structuralist proposals and critiques of the mainstream _cTaylor L |
|
| 260 |
_aNew Delhi _bNew Delhi, Viva _c2008 |
||
| 365 | _b995 | ||
| 942 |
_cTB _hX:72 P8 |
||
| 999 |
_c1303318 _d1303318 |
||